| 000 | 00454aam a2200181 4500 | ||
|---|---|---|---|
| 005 | 20161118135220.0 | ||
| 008 | 150410b xxu||||| |||| 00| 0 spa d | ||
| 041 | _aspa | ||
| 082 | _a004.67 P866a | ||
| 100 |
_aPotter, James _912077 |
||
| 245 | _aAprenda rápido INTERNET | ||
| 250 | _a2 edición | ||
| 260 |
_aMéxico _bAlfaomega _c1996 |
||
| 300 | _a155 páginas | ||
| 650 |
_aREDES DE COMPUTADORES _96512 |
||
| 650 |
_aINTERNET _932882 |
||
| 942 | _cBK | ||
| 999 |
_c4496 _d4496 |
||